00493nam a2200193 a 4500001001300000003000900013005001700022008004100039020001000080082001700090100001900107245002100126260005400147300000900201500003500210505001000245650002500255700001900280nice12345678IN_TiNIC20260116011740.0050524s1961 hyda grp 000 0 urd  ac10000a915.092bQAT aQateel, Hafeez aSaneh Jahan Gard aHyderabad bMarkazi Anjuman Taleemus Salat c1961 a192p aincludes index and biblioraphy2 aIndex aIbn-Bututa Biography1 aQateel, Hafeez